| 000 | 00419nam a2200133Ia 4500 | ||
|---|---|---|---|
| 008 | 210430s9999 xx 000 0 und d | ||
| 020 | _a9780849332166 | ||
| 082 | _a670 M4251 M | ||
| 100 |
_aJoanna R.Groza, James F. Shackelford, Enrique J. Lavernia, Michael T. Powers _9127769 |
||
| 245 |
_aMaterials Processing Handbook / _cJoanna R.Groza |
||
| 260 |
_aLONDON _bCRC Press _c2007 |
||
| 300 | _a1-13p | ||
| 942 |
_cBK _2ddc |
||
| 999 |
_c564352 _d564352 |
||